000 00911nam a2200205Ii 4500
003 JO-AjNU
008 230605s9999||||xx |||||||||||||| ||und||
040 _aJO-AjNU
_bara
_erda
_cJO-AjNU
041 _aara
050 1 4 _aLB 1140.5.L3.M66212 2002
100 3 _a/ م.مشارك/ حرب،سناء مترجمMandel Morrow,Lesley/مؤلفBrown Asbury, Elizabeth,
_eauthor
_935894
245 0 0 _aأنشطة التعلم لصفوف الطفولة المبكرة:تطوير تعلم مهارتي القراءة والكتابة في السنوات المبكرة ومساعدة الأطفال على القراءة والكتابة
250 _aط1
264 3 1 _aالعين:دار الكتاب الجامعي،2004
300 _a51ص
336 _atext
_btxt
_2rdacontent
337 _aunmediated
_bn
_2rdamedia
338 _avolume
_bnc
_2rdacarrier
650 4 _aالطفولة المبكرة-تعليم
_935895
999 _aA14862
_c18430
_d18430